00798nam a22002297a 4500003000500000005001700005008004100022010001000063011001000073035001100083040000900094100002900103245016400132260004000296300003200336502007700368650003700445650002000482650002100502650002000523650002500543CHAP20220329143321.0080605d2007 mx r 00110 spa d a94886 a95858 a106490 cCHAP1 aValle Ramírez, Arturo.10aFactores determinantes del crecimiento económico del sector cárnico del municipio de Viesca, Coahuila, México de 1990 a 2004c/por Arturo Valle Ramírez aChapingo, Méx. :bEl autor,c2007 a73 h. :bgráfs. ; cuadros aTesis (Ing. Agr. Esp. en Fitotecnia) -- UACH. Departamento de Fitotecnia14aCarnexAbastecimientozCoahuila.14aCarnexConsumo.14aCarnexMercadeo.14aCarnexPrecios.14aCarnexProducción.